| 000 | 01260nam a2200325 c 4500 | ||
|---|---|---|---|
| 003 | BLK | ||
| 005 | 20180422094552.0 | ||
| 008 | 180412b bul|||||r ||||||| ||bul|| | ||
| 010 | _aKNG00016101000 | ||
| 040 | _aBLK | ||
| 041 |
_aBUL _cBUL |
||
| 080 |
_aАмериканска литература (на САЩ) _b821.111(73) _x-31 _z821.111(73)-31 |
||
| 100 | 1 |
_aДелински, Барбара _eпърви автор _959608 |
|
| 700 | 1 |
_aИкономова, Красимира _eпрев. от англ. _9363808 |
|
| 139 |
_aДелински, Барбара _bД 37 |
||
| 245 | 1 | 0 |
_aПредадена жена _bРоман _cБарбара Делински; прев. от англ. Красимира Икономова. |
| 257 | _aUSA | ||
| 260 |
_аСофия _bБард _c1996 |
||
| 300 |
_a363 с. _c20 см |
||
| 380 | _aX | ||
| 490 | 1 | _aСъвременни романи | |
| 490 | 1 |
_3Подсерия _aГалерия Бард |
|
| 500 | _aОриг. загл. A Woman Betrayed / Barbara Delinsky. - 3 000 тир. | ||
| 653 | _aромани | ||
| 852 | _aЦб 191707 | ||
| 856 | 4 |
_qpdf _u |
|
| 856 | 4 |
_qpdf _u |
|
| 942 |
_cKNG _n0 |
||
| 944 |
_aCR _c15.01.2003 _lф / _kГеновева_Генчева |
||
| 944 |
_aED _c24.06.2016 _lф / _kЛюдмила_Стоянова |
||
| 999 |
_c14391 _d14391 |
||